| 000 | 00633nam a2200229 a 4500 | ||
|---|---|---|---|
| 005 | 20210219151108.0 | ||
| 008 | 991125s1974 lon 000 0 eng u | ||
| 020 | _a333165713 | ||
| 035 | _aUPN01000027527 | ||
| 049 | _aF | ||
| 050 | 4 |
_aPE1117 L3 _bW5.3 |
|
| 100 | 1 | _aWilliams, Ferelith Eccles | |
| 245 | 1 | 0 |
_aHh / _cartist Ferelith Eccles Williams |
| 260 |
_aLondon : _bMacMillan, _c1974 |
||
| 300 |
_a[8] p. : _btodas il. col. |
||
| 440 | 0 | _aLanguage in action | |
| 520 | _a"The language project" | ||
| 520 | _aDatos tomados de la cubierta | ||
| 902 | _aCAV CARLOS AGUILAR VILLA | ||
| 904 |
_aAC _b027528 |
||
| 905 | _aLibro | ||
| 999 |
_c27527 _d27527 |
||